| 000 | 00785nam a2200217 a 4500 | ||
|---|---|---|---|
| 999 |
_c3457 _d3457 |
||
| 001 | 3457 | ||
| 003 | BD-JhCC | ||
| 005 | 20180328181420.0 | ||
| 008 | 171113s1987 bg |||| ||a| 000 0 ben d | ||
| 035 | _a(BD-JhCC) 3457 | ||
| 040 |
_aBD-JhCC _dBD-JhCC |
||
| 041 | _aben | ||
| 082 |
_a297.1226 _bHAQ 1987 |
||
| 100 | _aহক, মুহম্মদ লুতফুল | ||
| 245 |
_aকুরআনের কাহিনী : _bহযরত দাউদ (অা:) ও হযরত সুলায়ামান (আ:) / _c মুহম্মদ লুতফুল হক |
||
| 260 |
_aঢাকা : _bইসলামিক ফাউন্ডশন বাংলাদেশ , _c1987 |
||
| 300 |
_a83 p .: _c20 cm . |
||
| 650 | _aStory from quran | ||
| 942 |
_2ddc _cBK |
||